En torno a la Sociolingüística

Saved in:
Bibliografiske detaljer
Hovedforfatter: Alvar, Manuel (Author)
Andre forfattere: Lope Blanch, Juan Miguel (autor)
Format: Bog
Sprog:spansk
Udgivet: Ciudad de México Universidad Nacional Autónoma de México 1978
Udgivelse:1a. ed
Fag:
Tags: Tilføj Tag
Ingen Tags, Vær først til at tagge denne postø!

MARC

LEADER 00000nam a2200000 a 4500
001 UCJ2932
003 CL-VaPUC
008 070119e19781026MX |||||||||||||||||spa|d
082 0 4 |a 306.44  |b ALV  |2 21 
100 0 |a Alvar, Manuel  |e author  |9 504001 
700 |a Lope Blanch, Juan Miguel  |e autor  |9 462230 
245 1 0 |a En torno a la Sociolingüística 
250 |a 1a. ed 
300 |a 57 p 
942 |c BK 
945 |d 20070119 00:00:00  |a lvergara 
260 |a Ciudad de México  |b Universidad Nacional Autónoma de México  |c 1978 
500 |a Donación de la Dra. Marianne Peronard Thierry 
650 0 |a Sociolingüística  |9 263716 
650 7 |a DIALECTOS  |2 CL-VaPUC  |9 348323 
650 0 |a Desarrollo cultural  |9 267526 
650 0 |a Investigación lingüística  |9 329785 
583 |a last modification  |c 20070119 00:00:00  |k Rodrigo Vera 
999 |c 319060  |d 319058 
952 |0 0  |1 0  |4 0  |6 306_440000000000000_ALV_1978  |7 0  |8 A  |9 397295  |a FDOPOS  |b FDOPOS  |d 2019-11-22  |i 4313259  |o 306.44 ALV 1978  |p 4313259  |r 2025-01-22  |w 2019-11-22  |y BK  |k MLA